Obálka Náhled e-knihy:
PDF Epub
Pro půjčování e-knih musíte být přihlášeni.
Jak si půjčit online?

Odbočka v lesích /

Tajemný, hororový thriller české autorky. Obyčejná cesta lesem skrývá nečekanou hrozbu...

Uloženo v:
Hlavní autor: Karolová, Kateřina, 1981- (Autor)
Médium: E-kniha
Jazyk:Czech
Vydáno: V Praze : XYZ, 2022
Vydání:Vydání první
Témata:
Tagy:
Žádné tagy
LEADER 02386cam a2200397 i 4500
001 311500
003 CZ PrSKC
005 20260601215706.0
007 ta
008 220225s2022 xr g 000 f cze d
015 |a cnb003398319 
020 |a 9788076830578  |q (vázáno) :  |c Kč 399,00 
035 |a (OCoLC)1310113493 
040 |a TUG001  |b cze  |d ABG001  |e rda 
072 7 |a 821.162.3-3  |x Česká próza  |2 Konspekt 
080 |a 821.162.3-31  |2 MRF 
080 |a (0:82-312.4)  |2 MRF 
100 1 |a Karolová, Kateřina,  |d 1981-  |7 ola20201067556  |4 aut 
245 1 0 |a Odbočka v lesích /  |c Kateřina Karolová 
250 |a Vydání první 
264 1 |a V Praze :  |b XYZ,  |c 2022 
300 |a 254 stran ;  |c 21 cm 
336 |a text  |b txt  |2 rdacontent 
337 |a bez média  |b n  |2 rdamedia 
338 |a svazek  |b nc  |2 rdacarrier 
520 2 |a Tajemný, hororový thriller české autorky. Obyčejná cesta lesem skrývá nečekanou hrozbu...  |b Parta přátel vyrazí na dovolenou do opuštěné oblasti Beskyd. Po vydařeném začátku volna se ovšem všechno zvrtne v momentě, kdy narazí na neudržovanou odbočku v lesích. Podle navigace by mělo jít o zkratku vedoucí přímo k cíli, k ranči, kde mají být všichni ubytovaní, ručně psaná poznámka na staré turistické mapě ale před touto cestou varuje. Stmívá se a připozdívá, někteří sice váhají, ale nakonec se skupina odbočkou vydá. Nikdo z přátel v této chvíli ještě netuší, jak hluboce budou svého rozhodnutí litovat. Les skrývá tajemství a projít skrz se jen tak někomu nepodaří. Dobrodružství začíná, ale rozhodně ne takové, o jakém by někdo z party snil. Nakladatelská anotace. 
655 7 |a české romány  |7 fd133974  |2 czenas 
655 7 |a thrillery (romány)  |7 fd184206  |2 czenas 
655 9 |a Czech fiction  |2 eczenas 
655 9 |a thrillers (novels)  |2 eczenas 
900 |a ABA001  |b 19 
928 9 |a Albatros Media - XYZ 
044 |a xr 
910 |a RBIT002 
998 |d 345638  |a https://core.palmknihy.cz/api/books/345638/cover?si6jt4  |b https://core.palmknihy.cz/api/books/345638/cover/400?si6jt4  |c https://core.palmknihy.cz/api/books/345638/cover/50?si6jt4  |e 2031-12-31  |g 256  |i 9788076830578  |j https://core.palmknihy.cz/api/books/345638/preview.epub  |k https://core.palmknihy.cz/api/books/345638/preview.pdf  |l   |q 49  |r 1  |s https://www.palmknihy.cz/kniha/345638  |t ebook  |y 2022  |z 0 
999 |d 311498